000 00316nam a2200109Ia 4500
008 190919s9999||||xx |||||||||||||| ||und||
100 _aPan Yunhe, Hu Jianxiong
245 0 _aProceeddings of The International Symposium on Chinese Culture
260 _aLondon
_bWorld Scientific
_c2001
300 _a792
942 _cBK
999 _c10345
_d10345